El arte militar de los chinos: una doctrina de guerra bimilenaria
Guardat en:
| Autor principal: | |
|---|---|
| Format: | Llibre |
| Idioma: | espanyol |
| Publicat: |
Buenos Aires
Pleamar
1969
|
| Col·lecció: | Estrategia y Política
|
| Matèries: | |
| Etiquetes: |
Afegir etiqueta
Sense etiquetes, Sigues el primer a etiquetar aquest registre!
|
MARC
| LEADER | 00000nam a2200000 a 4500 | ||
|---|---|---|---|
| 001 | UCO5480 | ||
| 003 | CL-VaPUC | ||
| 008 | 000901e19690000AG |||||||||||||||||spa|d | ||
| 082 | 0 | 4 | |a 355.02 |b CHO |2 21 |
| 100 | 0 | |a Cholet, E |e author |9 450202 | |
| 245 | 1 | 3 | |a El arte militar de los chinos: una doctrina de guerra bimilenaria |
| 300 | |a 153 p | ||
| 942 | |c BK | ||
| 945 | |d 20000901 00:00:00 |a crobeson | ||
| 260 | |a Buenos Aires |b Pleamar |c 1969 | ||
| 650 | 0 | |a Guerra |9 255876 | |
| 650 | 7 | |a OPERACIONES BELICAS |2 CL-VaPUC |9 338010 | |
| 650 | 0 | |a Fuerzas Armadas |9 255504 | |
| 650 | 0 | |a Arte militar |9 440861 | |
| 583 | |a last modification |c 20000901 00:00:00 |k Rodrigo Vera | ||
| 490 | 0 | |a Estrategia y Política | |
| 999 | |c 291338 |d 291336 | ||
| 952 | |0 0 |1 0 |4 0 |6 355_020000000000000_CHO_1969 |7 0 |8 A |9 341160 |a BIBART |b BIBART |d 2019-11-20 |i 1220802 |o 355.02 CHO 1969 |p 1220802 |r 2025-03-13 |w 2019-11-20 |y BK |k ART | ||